| 000 | 00575nam a2200217Ia 4500 | ||
|---|---|---|---|
| 003 | OSt | ||
| 005 | 20220926040843.0 | ||
| 006 | a|||||r|||| 00| 0 | ||
| 007 | ta | ||
| 008 | 220923b |||||||| |||| 00| 0 eng d | ||
| 037 | _cGeneral Book | ||
| 040 |
_aRTL _cRTL _beng |
||
| 041 |
_2eng _aeng |
||
| 082 | _aX41:8.7.N4, H2 | ||
| 100 |
_aDearing CL _9344211 |
||
| 245 | 0 | _aAmerican high way policy | |
| 260 | _c1942 | ||
| 650 |
_aTransport Economics---United Sates _9239753 |
||
| 942 |
_hX41:8.7.N4, H2 _cGB _2CC |
||
| 999 |
_c665827 _d665827 |
||